000 01320nam a2200325 a 4500
001 ebr10521428
003 CaPaEBR
006 m u
007 cr cn|||||||||
008 120109s2012 njuaf sb 001 0 eng d
010 _z 58009935
020 _z9781118122358
020 _z9781118158685 (e-book)
040 _aCaPaEBR
_cCaPaEBR
035 _a(OCoLC)778431649
050 1 4 _aQD453.3
_b.A38 2012eb
245 0 0 _aAdvances in chemical physics.
_nVolume 148
_h[electronic resource] /
_cedited by Stuart A. Rice, Aaron R. Dinner.
260 _aHoboken, N.J. :
_bWiley,
_c2012.
300 _aix, 377 p., [12] p. of plates :
_bill. (some col.).
490 1 _aAdvances in chemical physics ;
_vv. 148
504 _aIncludes bibliographical references and indexes.
533 _aElectronic reproduction.
_bPalo Alto, Calif. :
_cebrary,
_d2013.
_nAvailable via World Wide Web.
_nAccess may be limited to ebrary affiliated libraries.
650 0 _aChemistry, Physical and theoretical.
655 7 _aElectronic books.
_2local
700 1 _aRice, Stuart A.
700 1 _aDinner, Aaron R.
710 2 _aebrary, Inc.
830 0 _aAdvances in chemical physics ;
_vv. 148.
856 4 0 _uhttp://site.ebrary.com/lib/rucke/Doc?id=10521428
_zAn electronic book accessible through the World Wide Web; click to view
999 _c141423
_d141423